| 000 | 00800 a2200253 4500 | ||
|---|---|---|---|
| 999 |
_c11411 _d11411 |
||
| 020 | _a9780077286408 | ||
| 050 | 0 | 0 |
_aP90 _bBAR 2010 |
| 100 | 1 |
_aBaran, Stanley J. _eauthor |
|
| 245 | 1 | 0 |
_aIntroduction to communication : _bMedia literacy and culture / _cStanley J. Baran |
| 250 | _aSixth edition | ||
| 264 |
_aNew York : _bMcGraw Hill, _c2010 |
||
| 300 |
_a450 pages _billustrations |
||
| 336 |
_2rdacontent _atext _btxt |
||
| 337 |
_2rdamedia _aunmediated _bn |
||
| 338 |
_2rdacarrier _avolume _bnc |
||
| 500 | _aIncludes index. | ||
| 504 | _a. | ||
| 505 | _a. | ||
| 520 | _a. | ||
| 650 | 0 | _aTelecommunication. | |
| 650 | 0 | _aSignal theory (Telecommunication) | |
| 942 |
_2lcc _cBK _h90 _iBAR _kP _eSixth edition |
||